[Event "European Women-ch 2023"]
[Site "Petrovac"]
[Date "2023.03.22"]
[Round "5.1"]
[White "Bulmaga, Irina"]
[Black "Socko, Monika"]
[Result "1/2-1/2"]
[WhiteElo "2438"]
[BlackElo "2432"]
[Annotator "TA"]
[PlyCount "120"]
[EventDate "2023.03.15"]
[EventType "swiss"]
[EventCountry "MNE"]
[SourceTitle "playchess.com"]
[Source "ChessBase"]
[SourceQuality "1"]

1. e4 e6 2. d4 d5 3. Nc3 Bb4 4. e5 Ne7 5. Bd2 c5 6. a3 Bxc3 7. Bxc3 b6 8. Bb5+ Bd7 9. Bd3 Nbc6 10. Nf3 Qc7 11. dxc5 bxc5 12. O-O c4 13. Be2 Ng6 14. Re1 O-O 15. Bf1 Rad8 16. h4 h6 17. h5 Nge7 18. Nd4 Nxd4 19. Qxd4 Ba4 20. Qd2 Nc6 21. Bb4 Nxb4 22. axb4 Bb5 23. Ra3 Rd7 24. Rg3 Kh8 25. Rg4 Rfd8 26. Rd4 a6 27. Re3 Qb8 28. Qe1 Rf8 29. Be2 Rb7 30. Bd1 Be8 31. Rg4 Qd8 32. c3 f5 33. exf6 Rxf6 34. Rd4 Bf7 35. Qd2 Qb8 36. Rf3 Rxf3 37. Bxf3 a5 38. bxa5 Rxb2 39. Qe1 Ra2 40. g4 Rxa5 41. Rd1 Qf4 42. Qe3 Qxe3 43. fxe3 Ra3 44. e4 Rxc3 45. Kf2 Rc2+ 46. Ke3 Rc3+ 47. Kf2 Kg8 48. exd5 exd5 49. Bxd5 Bxd5 50. Rxd5 Kf7 51. Rd7+ Kf6 52. Rd6+ Ke7 53. Rc6 Rc1 54. Rc7+ Kf6 55. Rc6+ Ke5 56. Rg6 c3 57. Ke2 Ke4 58. Rxg7 Rc2+ 59. Kd1 Rg2 60. Rg6 Kf4 1/2-1/2

[Event "European Women-ch 2023"]
[Site "Petrovac"]
[Date "2023.03.22"]
[Round "5.2"]
[White "Arabidze, Meri"]
[Black "Klek, Hanna Marie"]
[Result "1-0"]
[WhiteElo "2433"]
[BlackElo "2314"]
[Annotator "TA"]
[PlyCount "251"]
[EventDate "2023.03.15"]
[EventType "swiss"]
[EventCountry "MNE"]
[SourceTitle "playchess.com"]
[Source "ChessBase"]
[SourceQuality "1"]

1. d4 Nf6 2. c4 e6 3. Nf3 d5 4. Nc3 Bb4 5. Qa4+ Nc6 6. e3 O-O 7. Bd2 dxc4 8. Bxc4 a6 9. Qc2 Bd6 10. O-O e5 11. dxe5 Nxe5 12. Nxe5 Bxe5 13. f4 Bd6 14. Bd3 Bd7 15. Ne4 h6 16. Nxf6+ Qxf6 17. e4 Qd4+ 18. Kh1 Rfd8 19. Bc3 Qb6 20. a3 Bb5 21. Rad1 Be7 22. h3 Bxd3 23. Rxd3 Rxd3 24. Qxd3 Qb5 25. Qf3 Rd8 26. Re1 Bf8 27. Qg4 Rd3 28. f5 Qb6 29. Rf1 Kh7 30. e5 Qb5 31. Re1 Qd5 32. e6 fxe6 33. fxe6 h5 34. Qh4 Bd6 35. Be5 Qxe6 36. Bxd6 Qxd6 37. Qxh5+ Qh6 38. Qf5+ Qg6 39. Qf4 Rb3 40. Re2 c5 41. Qc4 Rd3 42. Qxc5 b6 43. Qf2 Rd1+ 44. Re1 Rxe1+ 45. Qxe1 b5 46. Qe5 Qc6 47. Kh2 Kg6 48. h4 Qd7 49. Qg5+ Kh7 50. Qh5+ Kg8 51. Qe5 Qg4 52. g3 Kh7 53. Kg2 b4 54. a4 a5 55. b3 Qd1 56. Qe4+ Kg8 57. Qf3 Qc2+ 58. Kh3 Qc8+ 59. Qg4 Qc6 60. Qd1 Qe6+ 61. Kh2 Qe4 62. h5 Kh7 63. g4 Qf4+ 64. Kg2 Qe4+ 65. Qf3 Qc2+ 66. Kg3 Qc3 67. g5 Qe5+ 68. Kg4 Qd4+ 69. Kh3 Qc3 70. Qg3 Qd4 71. Qf3 Qc3 72. Kg4 Qd4+ 73. Qf4 Qd1+ 74. Kh4 Qh1+ 75. Kg3 Qg1+ 76. Kf3 Qd1+ 77. Ke4 Qxh5 78. Qf5+ Kg8 79. Qxa5 Qe2+ 80. Kd4 Qd2+ 81. Kc4 Qc3+ 82. Kb5 Qxb3 83. Qxb4 Qd5+ 84. Qc5 Qb7+ 85. Kc4 Qe4+ 86. Kb5 Qb7+ 87. Ka5 Qa8+ 88. Kb4 Qb7+ 89. Ka3 Qf3+ 90. Kb2 Qe2+ 91. Kb3 Qf3+ 92. Qc3 Qb7+ 93. Qb4 Qf3+ 94. Ka2 Qg2+ 95. Ka3 Qxg5 96. a5 Qc1+ 97. Ka4 Qc6+ 98. Kb3 Kh7 99. Qh4+ Kg6 100. Qg4+ Kh6 101. Qh3+ Kg5 102. Qe3+ Kh4 103. Qd4+ Kh5 104. Qb6 Qd5+ 105. Kb4 Qd2+ 106. Kb5 Qd3+ 107. Kc6 Qe4+ 108. Kd7 Qf5+ 109. Ke8 Qe4+ 110. Kf8 g5 111. a6 Qf5+ 112. Kg7 Qe5+ 113. Qf6 Qa5 114. Qf7+ Kh4 115. a7 g4 116. Qf6+ Kh3 117. Qh6+ Kg3 118. Qe3+ Kh2 119. Qf2+ Kh1 120. Qh4+ Kg2 121. Qxg4+ Kf2 122. Qf4+ Kg1 123. Qg3+ Kh1 124. Qf3+ Kh2 125. a8=Q Qa1+ 126. Kf7 1-0

[Event "European Women-ch 2023"]
[Site "Petrovac"]
[Date "2023.03.22"]
[Round "5.2"]
[White "Danielian, Elina"]
[Black "Beydullayeva, Govhar"]
[Result "1/2-1/2"]
[WhiteElo "2431"]
[BlackElo "2388"]
[Annotator "TA"]
[PlyCount "79"]
[EventDate "2023.03.15"]
[EventType "swiss"]
[EventCountry "MNE"]
[SourceTitle "playchess.com"]
[Source "ChessBase"]
[SourceQuality "1"]

1. d4 Nf6 2. c4 e6 3. Nc3 Bb4 4. e3 c5 5. Bd3 Nc6 6. Nf3 Bxc3+ 7. bxc3 d6 8. O-O e5 9. d5 Ne7 10. Qc2 Ng6 11. Ng5 O-O 12. f4 exf4 13. exf4 Re8 14. h3 Bd7 15. Bd2 Qa5 16. Rab1 Rab8 17. Be1 Qa4 18. Rb3 b5 19. Qb1 a6 20. Bd2 Ra8 21. Rb2 bxc4 22. Bc2 Qa5 23. Rb6 Re2 24. Rf2 Rxf2 25. Kxf2 Re8 26. Rxd6 Bb5 27. a4 Qc7 28. Rxf6 gxf6 29. Ne4 Rxe4 30. Bxe4 Bxa4 31. f5 Nf4 32. Kf3 Nh5 33. Qe1 Qe5 34. g4 Bd1+ 35. Qxd1 Qg3+ 36. Ke2 Qh2+ 37. Kf3 Qg3+ 38. Ke2 Qh2+ 39. Kf3 Qg3+ 40. Ke2 1/2-1/2

[Event "European Women-ch 2023"]
[Site "Petrovac"]
[Date "2023.03.22"]
[Round "5.2"]
[White "Makropoulou, Marina"]
[Black "Stefanova, Antoaneta"]
[Result "1/2-1/2"]
[WhiteElo "2102"]
[BlackElo "2435"]
[Annotator "TA"]
[PlyCount "69"]
[EventDate "2023.03.15"]
[EventType "swiss"]
[EventCountry "MNE"]
[SourceTitle "playchess.com"]
[Source "ChessBase"]
[SourceQuality "1"]

1. e4 e5 2. Nf3 Nc6 3. Nc3 Nf6 4. Bb5 Bc5 5. O-O O-O 6. Nxe5 Nxe5 7. d4 Bd6 8. f4 Neg4 9. e5 Bb4 10. f5 Re8 11. exf6 Nxf6 12. Bg5 c6 13. Bd3 d5 14. Qf3 h6 15. Bh4 Qd6 16. Bg3 Qf8 17. Be5 Nd7 18. Bf4 Nf6 19. Be5 Bxc3 20. bxc3 Ne4 21. Bxe4 dxe4 22. Qg3 f6 23. Bf4 Kh8 24. Qg6 Bd7 25. Rae1 Qg8 26. Bxh6 Re7 27. Bf4 Be8 28. Qg4 Qxa2 29. Re3 Rd8 30. Qh4+ Kg8 31. Rh3 Kf8 32. Qg3 Kg8 33. Qh4 Kf8 34. Qg3 Kg8 35. Qh4 1/2-1/2

[Event "European Women-ch 2023"]
[Site "Petrovac"]
[Date "2023.03.22"]
[Round "5.3"]
[White "Fataliyeva, Ulviyya"]
[Black "Unuk, Laura"]
[Result "0-1"]
[WhiteElo "2427"]
[BlackElo "2297"]
[Annotator "TA"]
[PlyCount "98"]
[EventDate "2023.03.15"]
[EventType "swiss"]
[EventCountry "MNE"]
[SourceTitle "playchess.com"]
[Source "ChessBase"]
[SourceQuality "1"]

1. Nf3 d5 2. e3 Nf6 3. c4 e6 4. b3 c5 5. Bb2 Nc6 6. cxd5 exd5 7. Bb5 Bd6 8. O-O O-O 9. d4 cxd4 10. Nxd4 Ne5 11. h3 a6 12. Be2 Re8 13. Nc3 Bc7 14. Rc1 Ng6 15. Qc2 Qd6 16. Nf3 Ne5 17. Rfd1 Nc6 18. a3 Be6 19. e4 d4 20. Kf1 Qf4 21. Na4 Nxe4 22. Bxd4 Bxb3 23. Qxb3 Nxd4 24. Qxb7 Be5 25. Bd3 Nd6 26. Qd7 Nxf3 27. gxf3 Qxf3 28. Qc6 Qxh3+ 29. Qg2 Qh4 30. Nb6 Rad8 31. Bxa6 Ne4 32. Nd7 Bf4 33. Rc2 Qh6 34. Bb5 Nd2+ 35. Kg1 Kh8 36. a4 Bh2+ 37. Kh1 Bf4+ 38. Kg1 Re6 39. Bd3 Bh2+ 40. Kh1 Bf4+ 41. Kg1 Rde8 42. Rcc1 Qh5 43. Nc5 Bh2+ 44. Kh1 Nf3 45. Bf5 Rh6 46. Bg4 Bf4+ 47. Bxh5 Rxh5+ 48. Qh3 Rxh3+ 49. Kg2 Bxc1 0-1

[Event "European Women-ch 2023"]
[Site "Petrovac"]
[Date "2023.03.22"]
[Round "5.3"]
[White "Kiolbasa, Oliwia"]
[Black "Badelka, Olga"]
[Result "1-0"]
[WhiteElo "2406"]
[BlackElo "2428"]
[Annotator "TA"]
[PlyCount "81"]
[EventDate "2023.03.15"]
[EventType "swiss"]
[EventCountry "MNE"]
[SourceTitle "playchess.com"]
[Source "ChessBase"]
[SourceQuality "1"]

1. e4 e5 2. Nf3 Nc6 3. Bb5 Nf6 4. d3 d6 5. c4 g6 6. h3 Bg7 7. O-O O-O 8. Nc3 Nd4 9. Nxd4 exd4 10. Ne2 Ne8 11. Bxe8 Qxe8 12. b4 f5 13. exf5 Bxf5 14. Ng3 b5 15. Nxf5 Rxf5 16. cxb5 Qxb5 17. Qb3+ Kh8 18. Bd2 Be5 19. f4 Bg7 20. Rae1 Qd7 21. a4 Rb8 22. Qc4 d5 23. Qc5 Qxa4 24. Qxc7 Rg8 25. Re7 Qb5 26. Rf3 a6 27. Kh2 Rff8 28. f5 Rc8 29. Qg3 gxf5 30. Rxf5 Rce8 31. Ref7 h6 32. Bf4 Re2 33. Qg6 Qe8 34. Rh5 Rxg2+ 35. Kxg2 Qe2+ 36. Kg3 Qe1+ 37. Kg4 Qd1+ 38. Kh4 Qe1+ 39. Bg3 Qe3 40. Rxg7 Rxg7 41. Qxh6+ 1-0

[Event "European Women-ch 2023"]
[Site "Petrovac"]
[Date "2023.03.22"]
[Round "5.3"]
[White "Kulon, Klaudia"]
[Black "Tsirulnik, Maritsa"]
[Result "1-0"]
[WhiteElo "2290"]
[BlackElo "2121"]
[Annotator "TA"]
[PlyCount "59"]
[EventDate "2023.03.15"]
[EventType "swiss"]
[EventCountry "MNE"]
[SourceTitle "playchess.com"]
[Source "ChessBase"]
[SourceQuality "1"]

1. e4 c5 2. Nf3 e6 3. d4 cxd4 4. Nxd4 Nc6 5. Nc3 d6 6. g4 Nge7 7. Be3 a6 8. Nb3 b5 9. h4 Bb7 10. Rh3 Nc8 11. Qe2 Na5 12. O-O-O Nxb3+ 13. axb3 Be7 14. f4 b4 15. Na4 Qc7 16. Bf2 Bc6 17. g5 d5 18. e5 Qa5 19. Kb1 Bxa4 20. bxa4 Qxa4 21. h5 Qc6 22. g6 hxg6 23. hxg6 Rxh3 24. gxf7+ Kxf7 25. Bxh3 g6 26. f5 Bf8 27. fxg6+ Ke8 28. Qh5 Bg7 29. Qh7 Qc7 30. Bxe6 1-0

[Event "European Women-ch 2023"]
[Site "Petrovac"]
[Date "2023.03.22"]
[Round "5.4"]
[White "Wagner, Dinara"]
[Black "Mkrtchian, Lilit"]
[Result "1/2-1/2"]
[WhiteElo "2411"]
[BlackElo "2379"]
[Annotator "TA"]
[PlyCount "44"]
[EventDate "2023.03.15"]
[EventType "swiss"]
[EventCountry "MNE"]
[SourceTitle "playchess.com"]
[Source "ChessBase"]
[SourceQuality "1"]

1. d4 e6 2. c4 f5 3. Nc3 Nf6 4. Bf4 Bb4 5. e3 Bxc3+ 6. bxc3 d6 7. h4 Qe7 8. h5 Ne4 9. Qc2 e5 10. Bh2 Nc6 11. Bd3 O-O 12. Ne2 Qh4 13. Bxe4 fxe4 14. Ng3 exd4 15. exd4 Be6 16. O-O-O Bxc4 17. Nxe4 Bd5 18. f3 Bxe4 19. Qxe4 Qg5+ 20. f4 Qb5 21. Qe6+ Rf7 22. Qb3 a6 1/2-1/2

[Event "European Women-ch 2023"]
[Site "Petrovac"]
[Date "2023.03.22"]
[Round "5.4"]
[White "Milliet, Sophie"]
[Black "Krasteva, Beloslava"]
[Result "1-0"]
[WhiteElo "2404"]
[BlackElo "2292"]
[Annotator "TA"]
[PlyCount "75"]
[EventDate "2023.03.15"]
[EventType "swiss"]
[EventCountry "MNE"]
[SourceTitle "playchess.com"]
[Source "ChessBase"]
[SourceQuality "1"]

1. d4 Nf6 2. c4 e6 3. g3 d5 4. Bg2 h6 5. Nf3 Bd6 6. O-O O-O 7. Qc2 b6 8. cxd5 exd5 9. Nc3 Bb7 10. Rd1 Re8 11. Bf4 Bxf4 12. gxf4 Nc6 13. e3 Ne7 14. Ne5 c6 15. Ne2 Rc8 16. Rac1 Rf8 17. Kh1 Ne8 18. Bh3 Rc7 19. Rg1 Bc8 20. f5 c5 21. Qd3 Nd6 22. Ng3 Ne4 23. Rcf1 c4 24. Qc2 Ng5 25. Bg2 Nc6 26. f4 Ne4 27. Bxe4 dxe4 28. Qg2 f6 29. Nxc6 Rxc6 30. Nh5 g5 31. fxg6 f5 32. Qd2 Qh4 33. Qb4 Be6 34. Qb5 Rd6 35. Qe5 Qe7 36. g7 Rf7 37. Rg6 Rc6 38. Rxh6 1-0

[Event "European Women-ch 2023"]
[Site "Petrovac"]
[Date "2023.03.22"]
[Round "5.4"]
[White "Ismayil, Malak"]
[Black "Antolak, Julia"]
[Result "1/2-1/2"]
[WhiteElo "2011"]
[BlackElo "2276"]
[Annotator "TA"]
[PlyCount "82"]
[EventDate "2023.03.15"]
[EventType "swiss"]
[EventCountry "MNE"]
[SourceTitle "playchess.com"]
[Source "ChessBase"]
[SourceQuality "1"]

1. e4 c5 2. Nf3 e6 3. d4 cxd4 4. Nxd4 Nf6 5. Bd3 Nc6 6. Nb3 Be7 7. O-O d5 8. Nc3 O-O 9. Re1 d4 10. Ne2 e5 11. f4 exf4 12. Bxf4 Bg4 13. h3 Be6 14. Ng3 Nd7 15. e5 Bg5 16. Qf3 Re8 17. Nd2 Ndxe5 18. Bxe5 Bxd2 19. Bxh7+ Kxh7 20. Qd3+ Kg8 21. Qxd2 Qh4 22. Re4 Qh7 23. Bxd4 Bxh3 24. Rae1 Rxe4 25. Rxe4 Qg6 26. Qf2 Nxd4 27. Rxd4 Be6 28. a3 Re8 29. Rd6 b6 30. Rd4 Rc8 31. c3 Re8 32. Rd2 Bg4 33. Rd4 Re6 34. Rd8+ Kh7 35. Rd4 Re8 36. Rd2 Kg8 37. Rd4 Bc8 38. Rd2 Bg4 39. Rd4 Re5 40. Rd8+ Kh7 41. Rd4 Re6 1/2-1/2

[Event "European Women-ch 2023"]
[Site "Petrovac"]
[Date "2023.03.22"]
[Round "5.5"]
[White "Efroimski, Marsel"]
[Black "Daulyte-Cornette, Deimante"]
[Result "1-0"]
[WhiteElo "2451"]
[BlackElo "2344"]
[Annotator "TA"]
[PlyCount "57"]
[EventDate "2023.03.15"]
[EventType "swiss"]
[EventCountry "MNE"]
[SourceTitle "playchess.com"]
[Source "ChessBase"]
[SourceQuality "1"]

1. e4 e5 2. Nf3 Nc6 3. Bc4 Nf6 4. d3 d5 5. exd5 Nxd5 6. Nc3 Nxc3 7. bxc3 Bg4 8. Rb1 Bc5 9. Qe2 O-O 10. Qe4 Qc8 11. Ng5 Qf5 12. f3 h6 13. Nxf7 Qxe4+ 14. dxe4 Na5 15. Nxh6+ Kh7 16. Bg8+ Rxg8 17. Nxg4 Nc4 18. Bg5 Rge8 19. Ke2 Re6 20. Rhd1 Ra6 21. Rd7 Bd6 22. Bh6 Rg8 23. Nf6+ Kxh6 24. Nxg8+ Kh7 25. Nf6+ Kh6 26. Ng4+ Kg6 27. Rxb7 Rxa2 28. Rdxc7 Bxc7 29. Rxc7 1-0

[Event "European Women-ch 2023"]
[Site "Petrovac"]
[Date "2023.03.22"]
[Round "5.5"]
[White "Balajayeva, Khanim"]
[Black "Hrebenshchykova, Yelyzaveta"]
[Result "0-1"]
[WhiteElo "2372"]
[BlackElo "2289"]
[Annotator "TA"]
[PlyCount "52"]
[EventDate "2023.03.15"]
[EventType "swiss"]
[EventCountry "MNE"]
[SourceTitle "playchess.com"]
[Source "ChessBase"]
[SourceQuality "1"]

1. e4 e5 2. Nf3 Nc6 3. Bc4 Nf6 4. Ng5 d5 5. exd5 Na5 6. Bb5+ c6 7. dxc6 bxc6 8. Bd3 Nd5 9. h4 h6 10. Qh5 Qf6 11. Ne4 Qe7 12. Nbc3 Nf4 13. Qf3 h5 14. Ng5 Bg4 15. Qg3 g6 16. Be4 f6 17. Nh3 f5 18. Bf3 O-O-O 19. Ng5 Bh6 20. Kd1 Bxg5 21. hxg5 h4 22. Qh2 h3 23. Re1 hxg2 24. Qg3 Rh3 25. Bxg4 Rxg3 26. fxg3 Qxg5 0-1

[Event "European Women-ch 2023"]
[Site "Petrovac"]
[Date "2023.03.22"]
[Round "5.5"]
[White "Eric, Jovana"]
[Black "Berke, Ana"]
[Result "1-0"]
[WhiteElo "2230"]
[BlackElo "2107"]
[Annotator "TA"]
[PlyCount "83"]
[EventDate "2023.03.15"]
[EventType "swiss"]
[EventCountry "MNE"]
[SourceTitle "playchess.com"]
[Source "ChessBase"]
[SourceQuality "1"]

1. e4 e6 2. d4 d5 3. Nc3 dxe4 4. Nxe4 Nd7 5. Nf3 Ngf6 6. Nxf6+ Nxf6 7. g3 b6 8. Bg2 Bb7 9. O-O Be7 10. Qe2 O-O 11. Rd1 Qc8 12. c4 Re8 13. b3 a5 14. a4 c5 15. Bb2 Qc7 16. Re1 cxd4 17. Bxd4 Rad8 18. Rad1 Bb4 19. Rf1 Bc5 20. Bxc5 bxc5 21. Qe5 Qb6 22. Qe3 h6 23. h3 Be4 24. Ne5 Bxg2 25. Kxg2 Rd6 26. Qf3 Red8 27. Rxd6 Qxd6 28. Nc6 Rd7 29. Nxa5 e5 30. Qa8+ Kh7 31. Qc6 Qd4 32. Nb7 Ne4 33. a5 Nd2 34. Rd1 e4 35. Rxd2 Qxd2 36. Qxe4+ g6 37. a6 Qa2 38. Nxc5 Rc7 39. b4 Qa3 40. Qe5 Rc6 41. Nd7 Rxa6 42. Qe7 1-0

[Event "European Women-ch 2023"]
[Site "Petrovac"]
[Date "2023.03.22"]
[Round "5.6"]
[White "Khotenashvili, Bela"]
[Black "Brunello, Marina"]
[Result "1-0"]
[WhiteElo "2491"]
[BlackElo "2346"]
[Annotator "TA"]
[PlyCount "65"]
[EventDate "2023.03.15"]
[EventType "swiss"]
[EventCountry "MNE"]
[SourceTitle "playchess.com"]
[Source "ChessBase"]
[SourceQuality "1"]

1. c4 e5 2. Nc3 Bb4 3. Nd5 a5 4. a3 Bc5 5. e3 c6 6. d4 Bf8 7. Nc3 d6 8. Nf3 Nd7 9. Be2 Ngf6 10. O-O Be7 11. e4 O-O 12. Re1 Re8 13. Bf1 h6 14. Rb1 Nh7 15. d5 c5 16. Nb5 Ndf8 17. b4 axb4 18. axb4 b6 19. Be3 Ng6 20. Ra1 Rxa1 21. Qxa1 f5 22. Bd3 Nh4 23. Nxh4 Bxh4 24. exf5 e4 25. Bf1 Bf6 26. Qa8 Be5 27. bxc5 bxc5 28. Na7 Qa5 29. Rb1 Bd7 30. Qb7 Ba4 31. Nc6 Qc3 32. Rc1 Bxc6 33. Qxc6 1-0

[Event "European Women-ch 2023"]
[Site "Petrovac"]
[Date "2023.03.22"]
[Round "5.6"]
[White "Kubicka, Anna"]
[Black "Sargsyan, Anna M."]
[Result "1/2-1/2"]
[WhiteElo "2211"]
[BlackElo "2371"]
[Annotator "TA"]
[PlyCount "108"]
[EventDate "2023.03.15"]
[EventType "swiss"]
[EventCountry "MNE"]
[SourceTitle "playchess.com"]
[Source "ChessBase"]
[SourceQuality "1"]

1. e4 c5 2. Nf3 Nc6 3. d4 cxd4 4. Nxd4 Nf6 5. Nc3 e5 6. Ndb5 d6 7. Bg5 a6 8. Na3 b5 9. Nd5 Be7 10. Bxf6 Bxf6 11. c3 Bg5 12. g3 O-O 13. Bg2 Rb8 14. Nc2 a5 15. b4 Ne7 16. Nce3 Nxd5 17. Nxd5 Be6 18. O-O Rc8 19. h4 Bh6 20. a4 axb4 21. cxb4 bxa4 22. Rxa4 Rc4 23. b5 Rxa4 24. Qxa4 Bxd5 25. exd5 f5 26. Qa7 f4 27. Bh3 g5 28. Be6+ Kh8 29. Rc1 Qf6 30. Rc7 Qg6 31. g4 gxh4 32. Kh2 f3 33. Rf7 Rxf7 34. Qxf7 Qxf7 35. Bxf7 Bg5 36. b6 Bd8 37. b7 Bc7 38. g5 Kg7 39. Bh5 Bb8 40. Kh3 h6 41. Kxh4 e4 42. Be8 hxg5+ 43. Kxg5 e3 44. fxe3 f2 45. Bb5 Kf7 46. Kf5 Ke7 47. Kf4 Kd8 48. Kf3 Kc7 49. Kxf2 Kxb7 50. Kf3 Ba7 51. Kf4 Bc5 52. Ke4 Ba3 53. Kf5 Bb2 54. Ke6 Be5 1/2-1/2

[Event "European Women-ch 2023"]
[Site "Petrovac"]
[Date "2023.03.22"]
[Round "5.6"]
[White "Ibrahimova, Sabina"]
[Black "Abdinova, Narmin"]
[Result "1/2-1/2"]
[WhiteElo "2207"]
[BlackElo "2090"]
[Annotator "TA"]
[PlyCount "24"]
[EventDate "2023.03.15"]
[EventType "swiss"]
[EventCountry "MNE"]
[SourceTitle "playchess.com"]
[Source "ChessBase"]
[SourceQuality "1"]

1. e4 d5 2. exd5 Nf6 3. Nf3 Nxd5 4. d4 Bf5 5. Be2 e6 6. O-O Be7 7. c4 Nb4 8. Nc3 Nc2 9. Rb1 Nb4 10. Ra1 Nc2 11. Rb1 Nb4 12. Ra1 Nc2 1/2-1/2

[Event "European Women-ch 2023"]
[Site "Petrovac"]
[Date "2023.03.22"]
[Round "5.7"]
[White "Bivol, Alina"]
[Black "Sliwicka, Alicja"]
[Result "1/2-1/2"]
[WhiteElo "2365"]
[BlackElo "2272"]
[Annotator "TA"]
[PlyCount "113"]
[EventDate "2023.03.15"]
[EventType "swiss"]
[EventCountry "MNE"]
[SourceTitle "playchess.com"]
[Source "ChessBase"]
[SourceQuality "1"]

1. e4 c5 2. c3 Nf6 3. e5 Nd5 4. Nf3 Nc6 5. d4 cxd4 6. cxd4 d6 7. Bc4 e6 8. O-O Nb6 9. Bd3 dxe5 10. dxe5 Nb4 11. Be4 Qxd1 12. Rxd1 N4d5 13. b3 Bd7 14. Bb2 Be7 15. a4 a5 16. Nc3 Bc6 17. Nd4 Nxc3 18. Bxc6+ bxc6 19. Bxc3 Nd5 20. Rac1 Kd7 21. Be1 Rhc8 22. Rc4 Bd8 23. Rdc1 Ra6 24. Kf1 Bg5 25. R1c2 Be7 26. g3 Bf8 27. Ke2 h5 28. f4 g6 29. Bd2 Be7 30. Be1 Bf8 31. Kf3 Be7 32. h3 Bd8 33. g4 hxg4+ 34. hxg4 Be7 35. Rh2 c5 36. Nb5 Nc7 37. Nxc7 Rxc7 38. Rc3 Kc6 39. Rh7 Bf8 40. Rd3 Ra8 41. f5 gxf5 42. gxf5 exf5 43. Kf4 Rb7 44. Kxf5 Re8 45. Rh4 Rbe7 46. Rd6+ Kb7 47. Re4 Bg7 48. Bg3 Rh8 49. Rd3 Rh5+ 50. Kg4 f5+ 51. exf6 Rxe4+ 52. Kxh5 Bxf6 53. Rd7+ Ka8 54. Rd6 Be7 55. Ra6+ Kb7 56. Rxa5 Rb4 57. Rb5+ 1/2-1/2

[Event "European Women-ch 2023"]
[Site "Petrovac"]
[Date "2023.03.22"]
[Round "5.7"]
[White "Vega Gutierrez, Sabrina"]
[Black "Gunina, Valentina"]
[Result "1/2-1/2"]
[WhiteElo "2361"]
[BlackElo "2478"]
[Annotator "TA"]
[PlyCount "93"]
[EventDate "2023.03.15"]
[EventType "swiss"]
[EventCountry "MNE"]
[SourceTitle "playchess.com"]
[Source "ChessBase"]
[SourceQuality "1"]

1. e4 c6 2. d4 d5 3. e5 c5 4. dxc5 e6 5. c3 Nd7 6. Nf3 Nxc5 7. Nbd2 Ne7 8. Nb3 Nc6 9. Nxc5 Bxc5 10. Bd3 h6 11. O-O O-O 12. b4 Bb6 13. b5 Ne7 14. a4 Bd7 15. Ba3 Rc8 16. c4 Bc5 17. cxd5 Nxd5 18. Be4 Qe7 19. Bxd5 exd5 20. Bxc5 Rxc5 21. Re1 Rfc8 22. Qd2 a6 23. bxa6 bxa6 24. h3 Qe6 25. Nd4 Qg6 26. Kh2 Rc3 27. Re3 Qg5 28. Rae1 Rxe3 29. Rxe3 Rc4 30. g3 Qh5 31. e6 fxe6 32. Nxe6 d4 33. Nxd4 Bxh3 34. Nf3 Rc2 35. Qd8+ Kh7 36. Nh4 Qg5 37. Qxg5 hxg5 38. Kxh3 gxh4 39. Re6 Rxf2 40. gxh4 Rf6 41. Rxf6 gxf6 42. a5 Kg6 43. Kg4 f5+ 44. Kf4 Kh5 45. Kxf5 Kxh4 46. Ke6 Kg5 47. Kd5 1/2-1/2

[Event "European Women-ch 2023"]
[Site "Petrovac"]
[Date "2023.03.22"]
[Round "5.7"]
[White "Lach, Aleksandra"]
[Black "Valkova, Angelika"]
[Result "1/2-1/2"]
[WhiteElo "2170"]
[BlackElo "2055"]
[Annotator "TA"]
[PlyCount "132"]
[EventDate "2023.03.15"]
[EventType "swiss"]
[EventCountry "MNE"]
[SourceTitle "playchess.com"]
[Source "ChessBase"]
[SourceQuality "1"]

1. e4 d5 2. exd5 Qxd5 3. Nc3 Qa5 4. Bc4 Nf6 5. d3 a6 6. Bd2 Qf5 7. Qf3 Nc6 8. Qxf5 Bxf5 9. h3 Nd4 10. Bb3 Bd7 11. Nge2 Nxb3 12. axb3 e5 13. O-O Be7 14. Rae1 O-O 15. Ng3 Bd6 16. Re2 c6 17. Nce4 Nxe4 18. Nxe4 Be7 19. Bc3 f6 20. b4 b6 21. Ra1 c5 22. bxc5 bxc5 23. Nd2 Rfe8 24. Rae1 Bf8 25. Ra1 Bb5 26. b3 Kf7 27. Ba5 f5 28. f3 Re6 29. Rae1 Rae8 30. Bc7 Kf6 31. g4 g6 32. Bxe5+ Kf7 33. Kf1 Bg7 34. Bxg7 Rxe2 35. Rxe2 Rxe2 36. Kxe2 Kxg7 37. gxf5 gxf5 38. Ke3 Kf6 39. Kf4 a5 40. Nf1 a4 41. bxa4 Bxa4 42. Ne3 Bd7 43. c3 Bc8 44. d4 cxd4 45. cxd4 Be6 46. h4 Bc8 47. Nc4 Ba6 48. Ne3 Bc8 49. d5 Bb7 50. d6 Bc8 51. Nd5+ Ke6 52. Ne7 Ba6 53. Nxf5 Bd3 54. Ng7+ Kxd6 55. Kg5 Ke7 56. f4 Kf7 57. Kh6 Kf6 58. Nh5+ Kf5 59. Kxh7 Kg4+ 60. Kh6 Kxh4 61. Nf6 Bf5 62. Kg7 Kg3 63. Nh5+ Kg4 64. Kh6 Be4 65. Nf6+ Kxf4 66. Nxe4 Kxe4 1/2-1/2

[Event "European Women-ch 2023"]
[Site "Petrovac"]
[Date "2023.03.22"]
[Round "5.8"]
[White "Osmak, Yuliia"]
[Black "Garcia Martin, Marta"]
[Result "1/2-1/2"]
[WhiteElo "2445"]
[BlackElo "2306"]
[Annotator "TA"]
[PlyCount "68"]
[EventDate "2023.03.15"]
[EventType "swiss"]
[EventCountry "MNE"]
[SourceTitle "playchess.com"]
[Source "ChessBase"]
[SourceQuality "1"]

1. d4 d5 2. c4 e6 3. Nc3 Nf6 4. cxd5 exd5 5. Bg5 Be7 6. e3 h6 7. Bh4 Bg4 8. Qc2 O-O 9. h3 Be6 10. Nf3 Ne8 11. Bg3 Bd6 12. Ne5 Nc6 13. Nxc6 bxc6 14. Bxd6 cxd6 15. Bd3 Qg5 16. f4 Qe7 17. f5 Bd7 18. Qf2 Nf6 19. O-O-O c5 20. g4 Rfc8 21. Qf4 Qd8 22. Rhg1 cxd4 23. Qxd4 Qa5 24. g5 hxg5 25. Rxg5 Rxc3+ 26. bxc3 Qa3+ 27. Kd2 Qb2+ 28. Ke1 Re8 29. Be2 Re5 30. Qb4 Qxa2 31. Rd2 Qa1+ 32. Rd1 Qa2 33. Rd2 Qa1+ 34. Rd1 Qa2 1/2-1/2

[Event "European Women-ch 2023"]
[Site "Petrovac"]
[Date "2023.03.22"]
[Round "5.8"]
[White "Toncheva, Nadya"]
[Black "Mammadova, Gulnar"]
[Result "1-0"]
[WhiteElo "2192"]
[BlackElo "2358"]
[Annotator "TA"]
[PlyCount "183"]
[EventDate "2023.03.15"]
[EventType "swiss"]
[EventCountry "MNE"]
[SourceTitle "playchess.com"]
[Source "ChessBase"]
[SourceQuality "1"]

1. e4 e5 2. Nf3 Nf6 3. Nxe5 d6 4. Nf3 Nxe4 5. Qe2 Qe7 6. d3 Nf6 7. Bg5 Qxe2+ 8. Bxe2 Be7 9. Nc3 c6 10. O-O-O h6 11. Bh4 g5 12. Bg3 Nh5 13. Nd2 Nxg3 14. hxg3 Be6 15. d4 d5 16. Nf1 Nd7 17. Ne3 O-O-O 18. Bd3 Nf6 19. Rde1 Bb4 20. Ned1 Ba5 21. Re3 Ne8 22. Re5 Ng7 23. Ne2 Bc7 24. Re3 Kd7 25. c3 f5 26. f4 g4 27. Kc2 h5 28. Rh4 Rdf8 29. Nc1 Ne8 30. Re1 Rf6 31. Ne3 Nd6 32. b3 b5 33. b4 Ne4 34. Bxe4 dxe4 35. Nb3 Rfh6 36. Nc5+ Ke7 37. a4 bxa4 38. Ra1 Ra8 39. Rxa4 Bc8 40. d5 Bb6 41. dxc6 Kd6 42. Nc4+ Kxc6 43. Nxb6 Kxb6 44. Rh1 a6 45. Ra5 Ra7 46. Na4+ Kb7 47. Re5 Kb8 48. Nc5 Rah7 49. Re8 Kc7 50. Rd1 e3 51. Rxe3 Bb7 52. Nxb7 Kxb7 53. Rd5 Rf7 54. Rde5 h4 55. Re7+ Rxe7 56. Rxe7+ Kc6 57. gxh4 Rxh4 58. g3 Rh3 59. Re3 Rh1 60. Kd3 Rg1 61. Kd4 Kd6 62. c4 Rd1+ 63. Rd3 Re1 64. c5+ Kc6 65. Kc4 Re4+ 66. Rd4 Re3 67. Rd6+ Kb7 68. Rd3 Re4+ 69. Kb3 Re1 70. Ka4 Ra1+ 71. Ra3 Rb1 72. Rd3 Kc7 73. Rd6 Kb7 74. Rd7+ Kc6 75. Ra7 Ra1+ 76. Kb3 Kd5 77. Rd7+ Kc6 78. Rd6+ Kb7 79. Kc4 Rc1+ 80. Kd5 Rb1 81. Rb6+ Ka7 82. Kc6 Rb3 83. Kc7 Rxg3 84. Rb7+ Ka8 85. Rb8+ Ka7 86. Rb7+ Ka8 87. Kb6 Rb3 88. Kxa6 g3 89. b5 Rb4 90. Rg7 Kb8 91. Kb6 Kc8 92. c6 1-0